000 01505nam a2200349 c 4500
003 BLK
005 20180420232334.0
008 180409b bul|||||r ||||||| ||bul||
010 _aKNG00136517000
020 _a978-954-28-1116-9
_bиздат.: Сиела Норма
040 _aBLK
041 _aBUL
_cBUL
072 7 _2bullib
_aН34
_xПраво Н
080 _aСъдебни лица, юристи, съдебни изпълнители(лица, действащи в гражданско съдопроизводство)-Нотариуси, съдии, прокуратура, прокурори, пълномощници, адвокати и др.
_b347.96
_x(497.2)
_z347.96(497.2)
100 1 _aДимитров, Красимир Любенов
_eпърви автор
_9322381
139 _aДимитров, Красимир Любенов
_bД 58
245 1 0 _aПравно положение на нотариуса и Нотариалната камара
_cКрасимир Любенов Димитров.
257 _aBGR
260 София
_bСиела Норма
_c2012
300 _a152 с.
_c21 см
380 _a3
500 _aБиблиогр. с. 145-151.
650 4 _aНотариат - България
_9267628
651 4 _aБългария
_9241624
653 _aнотариат
659 _aН
852 _aЦб 256943
856 4 _qpdf
_u
856 4 _qpdf
_u
942 _cKNG
_n0
944 _aCR
_c27.11.2012
_lф /
_kЛюдмила_Стоянова
944 _aED
_c11.12.2012
_lф /
_k
999 _c130729
_d130729